000 00576nam a2200241Ia 4500
003 OSt
005 20220912152025.0
006 a|||||r|||| 00| 0
007 ta
008 220909b |||||||| |||| 00| 0 eng d
024 _a61850
037 _cTextual
040 _aCSL
_beng
_cCSL
041 _aeng
082 _aB:(T), K1
100 _aRitchie Robert W Ed.
245 0 _aNew directions in mathematics
260 _c1961
300 _ap.
_ccm.
650 _aMathematics
942 _hB:(T), K1
_cTEXL
_2CC
999 _c79215
_d79215